| 000 | 00719 a2200277 4500 | ||
|---|---|---|---|
| 260 | _aParis | ||
| 630 | _a62 - Ingenierie. Art de lingenieur. Technologie en general | ||
| 037 | _b2, WVSC | ||
| 650 | _a6 - SCIENCES APPLIQUEES | ||
| 100 | _aAstien, E. | ||
| 700 | _aEscrig, B. | ||
| 700 | _aPottier, I. | ||
| 260 | _bFoucher | ||
| 245 | _aDictionnaire des technologies de l'information et de la communication | ||
| 300 | _a271 p. | ||
| 650 | _aInformation : communication : technologie : dictionnaire | ||
| 260 | _c2001 | ||
| 300 | _b19 cm | ||
| 100 | _lFr | ||
| 440 | _aLa discothèque Foucher | ||
| 037 | _aL 15192 | ||
| 037 | _aL15229 | ||
| 020 | _a2-216-08794-7 | ||
| 999 |
_c41169 _d41169 |
||